| 000 | 01197pam a2200301 a 4500 | ||
|---|---|---|---|
| 999 |
_c23722 _d23722 |
||
| 001 | 2541301 | ||
| 003 | NUST | ||
| 005 | 20170613101439.0 | ||
| 008 | 940414s1994 nyua b 001 0 eng | ||
| 010 | _a 94016961 | ||
| 020 | _a0824792475 (alk. paper) | ||
| 040 |
_aDLC _cRCMS _dDLC |
||
| 050 | 0 | 0 |
_aTS192 _b.N54 1994 |
| 082 | 0 | 0 |
_a658.2/02 NIE _220 |
| 100 | 1 |
_aNiebel, Benjamin W. _92476 |
|
| 245 | 1 | 0 |
_aEngineering maintenance management / _cBenjamin W. Niebel. |
| 250 | _a2nd ed., rev. and expanded. | ||
| 260 |
_aNew York : _bM. Dekker, _cc1994. |
||
| 300 |
_aviii, 372 p. : _bill. ; _c24 cm. |
||
| 440 |
_aIndustrial Engineering /18 _92477 |
||
| 490 | 1 |
_aIndustrial engineering ; _v18 |
|
| 504 | _aIncludes bibliographical references and index. | ||
| 538 | _iShelf No 1 Row No 4 | ||
| 650 | 0 |
_aPlant maintenance _xManagement. _92478 |
|
| 830 | 0 |
_aIndustrial engineering ; _vv. 18. _92479 |
|
| 856 | 4 | 1 |
_3Table of contents only _uhttp://www.loc.gov/catdir/toc/fy0712/94016961.html |
| 856 | 4 | 2 |
_3Publisher description _uhttp://www.loc.gov/catdir/enhancements/fy0647/94016961-d.html |
| 906 |
_a7 _bcbc _corignew _d1 _eocip _f19 _gy-gencatlg |
||
| 942 |
_2ddc _cBK |
||